Good Old-Fashioned Lover Boy - Queen (All Lyrics) - Statistics

General Stats
  • This quiz has been taken 124 times
  • The average score is 201 of 277
Answer Stats
Answer % Correct
I
100%
(I
100%
boy
99%
love
99%
Love
99%
lover
99%
you
99%
a
98%
he
96%
to
96%
my
93%
the
93%
your
92%
do
90%
go
90%
go?
90%
Be
89%
be
89%
Hey
89%
on
89%
of
88%
Ooh
87%
ooh
87%
and
86%
And
86%
me
86%
can
85%
just
85%
Just
85%
for
83%
good
83%
heart
83%
tonight?
83%
We
81%
I'm
80%
old-fashioned
80%
two
79%
When
79%
let
76%
doin'
74%
sing
73%
sad
71%
where
71%
strings
70%
feel
69%
In
69%
in
69%
lights
69%
that
69%
did
68%
dim
68%
Valentino
68%
full
67%
tango
67%
at
65%
is
64%
serenade
64%
play
63%
songs
63%
things
63%
it
62%
gently
61%
get
61%
school
61%
because
60%
wish
60%
better
58%
boys
58%
from?
58%
nine
58%
all
57%
heartbeat
57%
much
57%
(one
57%
Say
57%
command
56%
faster
56%
faster)
56%
I'd
56%
letter
56%
like
56%
telephone
56%
three
56%
with
56%
word
56%
Dining
55%
not
55%
six
55%
five
54%
four
54%
seven
54%
will
54%
eight
52%
fancy
52%
right
52%
romancing
52%
always
51%
how
51%
passion
51%
Ritz
51%
Think
51%
wine
51%
Write
51%
Come
50%
meet
50%
That's
50%
pay
49%
tell
49%
use
49%
after
48%
bill
48%
we'll
48%
take
46%
fine
45%
heat?
45%
seat
45%
taste
45%
back
44%
summer
44%
turn
44%
What're
44%
alarm
43%
hot
43%
learned
43%
nights)
43%
patter
43%
yours
43%
charm
42%
(grow
42%
nicely
40%
Set
40%
those
40%
miss
38%
o'clock)
38%
saloon
38%
Driving
37%
quite
37%
goes
36%
long
35%
(there
35%
again)
33%
style
33%
Everything's
32%
hold
32%
sit
31%
tight
31%
precisely
21%
No matching quizzes found
Score Distribution
Percent of People with Each Score
Percentile by Number Answered
Your Score History
You have not taken this quiz